Statistiques concernant Pays les plus proches du Kosovo

Cliquez ici pour prendre le quiz!

Statistiques générales

  • Ce quiz a été pris 155 fois
  • Le résultat moyen est 17 sur 20

Statistiques - réponses

kmpays% Correct
0Serbie
98%
0Albanie
96%
0Macédoine du Nord
96%
0Monténégro
95%
114Grèce
93%
253Italie
92%
128Croatie
91%
478Slovénie
90%
96Bosnie-Herzégovine
89%
156Roumanie
88%
527Slovaquie
88%
54Bulgarie
87%
318Hongrie
84%
389Turquie
84%
525Autriche
82%
547Ukraine
79%
658Pologne
74%
601Moldavie
68%
622Saint-Marin
47%
628Vatican
46%

Distribution des résultats

Percentile par nombre de réponses

% des personnes avec chaque résultat

Votre développement - résultats

Vous n’avez pas pris ce quiz